| 000 | 00544nam a22001457a 4500 | ||
|---|---|---|---|
| 005 | 20250228080552.0 | ||
| 008 | 250228b |||||||| |||| 00| 0 eng d | ||
| 040 |
_aKMU _cKMU _dKMU |
||
| 100 | _aHansingo, Elfridah | ||
| 245 |
_aThe Adoption of Intergrated Aquaculture-Agriculture and its Impact on Small-Scale Holder Fish Farmers: A Case Study of Ndola District, Zambia. _cElfridah Hansingo. |
||
| 260 |
_aChinsali: _bKapasa Makasa University, _c2020. |
||
| 300 |
_avii, 25p.: _bill; _c30 cm. |
||
| 650 | _aFisheries and Aquaculture | ||
| 942 |
_cPR _n0 |
||
| 999 |
_c1682 _d1682 |
||